000 00506nam a22002057a 4500
003 OSt
005 20190109113427.0
008 190109b xxu||||| |||| 00| 0 fre d
040 _aLB-BrCRDP
082 _a666.1 L191v
100 _aStéphane de Lajarte
245 _aLe Verre
260 _aParis
_b Editions des deux coqs d'or,
_c1972
300 _a76p
_c26cm
630 _a Verre,
630 _aEmplois.
630 _a Travail du verre
630 _a Ouvrages pour la jeunesse.
942 _2ddc
_cBK
999 _c22308
_d22308